00510nam a2200169Ia 4500003000900000008004100009040001600050080001700066100001700083245011800100260003200218300001000250490002800260650001300288650002000301650001900321IN-BaIIA211028s9999 xx 000 0 eng d cIIA Library a512.643bAYR aAyres, Frank 0aSchaum's outline of theory and problems of matricescFrank Ayres  aNew YorkbMcGraw-Hillc1962 a219p. aSchaum's outline series aMatrices aMatrix analysis aNASA thesaurus